| 000 | 00501nam a22001817a 4500 | ||
|---|---|---|---|
| 003 | OSt | ||
| 008 | 260622b |||||||| |||| 00| 0 eng d | ||
| 020 | _a9789367551929 | ||
| 082 |
_a664.02 _bB57A |
||
| 100 | _aBhosale, Tejas Ashok | ||
| 245 | _aAgro Processing Methods Equipment Operations and Maintenance | ||
| 260 |
_aKarnal, Haryana _bContent Vibes _c2025 |
||
| 300 | _aix. 194p. | ||
| 650 | _aAgro Processing | ||
| 650 | _aFood Processing | ||
| 650 | _aEquipment Operation | ||
| 942 |
_2ddc _cBK |
||
| 999 |
_c52174 _d52174 |
||